Minecraft Crafting Quiz - Statistics

General Stats
  • This quiz has been taken 24,659 times
  • The average score is 10 of 15
Answer Stats
Hint Answer % Correct
3 wool above 3 wooden planks Bed
100%
1 wooden plank Wooden button
85%
Bottom layer of Obsidian and a nether star surrounded by glass Beacon
81%
Cocoa beans sandwiched between wheat Cookie
81%
4 blocks of sand in a square pattern Sandstone
78%
Gunpowder in a cross shape with sand filling in the spaces TNT
77%
Wool with Cocao beans Brown wool
69%
Tripwire next to chest Trapped chest
69%
Eye of ender surrounded by Obsidian Ender chest
68%
Bottom layer of smooth stone with a redstone dust sandwiched between redstone torches Redstone Repeater
67%
Stone in a funnel pattern with chest in middle Hopper
58%
Layer of Cobble with a blaze rod in the center Brewing Stand
53%
2 vertical layers of gold with a stick in center and redstone dust underneath the stick Powered rail
48%
Bottom layer of wooden slabs, second layer of Nether Quartz and third layer of Glass Daylight sensor
35%
2 layers of Nether Brick Nether Brick Fence
31%
No matching quizzes found
Score Distribution
Percent of People with Each Score
Percentile by Number Answered
Your Score History
You have not taken this quiz